D. Antonii Gomezii, variarum resolutionum (Record no. 8545)
[ view plain ]
| 000 -CABECERA | |
|---|---|
| campo de control de longitud fija | 00586nam a2200181 a 4500 |
| 001 - NÚMERO DE CONTROL | |
| campo de control | BRCA_8894 |
| 005 - FECHA Y HORA DE LA ÚLTIMA TRANSACCIÓN | |
| campo de control | 20190320210441.0 |
| 008 - DATOS DE LONGITUD FIJA--INFORMACIÓN GENERAL | |
| campo de control de longitud fija | 150617s--------sp-#######---#000-0#lat-# |
| 041 ## - CÓDIGO DE LENGUA | |
| Código de lengua del texto/banda sonora o título independiente | lat |
| 084 ## - OTRO NÚMERO DE CLASIFICACIÓN | |
| Número de clasificación | CO55 |
| Número de documento/Ítem | .G66 |
| 100 1# - ENTRADA PRINCIPAL--NOMBRE DE PERSONA | |
| Nombre de persona | Gomezii, Antonii |
| Fechas asociadas al nombre | s.XVI |
| 9 (RLIN) | 22133 |
| 245 10 - MENCIÓN DE TÍTULO | |
| Título | D. Antonii Gomezii, variarum resolutionum |
| Resto del título | tomus tertius |
| 300 ## - DESCRIPCIÓN FÍSICA | |
| Extensión | 372 p. (t.3) |
| Dimensiones | 30 x 21 cm |
| 500 ## - NOTA GENERAL | |
| Nota general | Estado físico: presenta encuadernación en pergamino con cintas rotas y presencia del pez de plata |
| 650 14 - PUNTO DE ACCESO ADICIONAL DE MATERIA--TÉRMINO DE MATERIA | |
| Término de materia o nombre geográfico como elemento de entrada | Derecho civil |
| Subdivisión cronológica | Obras anteriores a 1800 |
| 9 (RLIN) | 22134 |
| 902 ## - CATALOGADOR | |
| Iniciales | CFM |
| 942 ## - ELEMENTOS DE PUNTO DE ACCESO ADICIONAL (KOHA) | |
| Fuente del sistema de clasificación o colocación | Library of Congress Classification |
| Tipo de ítem Koha | Libros |
| Estado de retiro | Estado de pérdida | Estado dañado | No para préstamo | Localización permanente | Ubicación/localización actual | Fecha de adquisición | Total de préstamos | Signatura topográfica completa | Código de barras | Fecha visto por última vez | Precio válido a partir de | Tipo de ítem Koha |
|---|---|---|---|---|---|---|---|---|---|---|---|---|
| El ejemplar forma parte de la colección y puede ser consultado según las políticas vigentes. | Biblioteca del Museo Franz Mayer (Rogerio Casas-Alatriste) | Biblioteca del Museo Franz Mayer (Rogerio Casas-Alatriste) | 15/06/2017 | CO55 .G66 | CFM00217 | 22/03/2019 | 22/03/2019 | Libros |